শরৎ-সাহিত্য-জিজ্ঞাসা / (Record no. 1994)
[ view plain ]
| 000 -LEADER | |
|---|---|
| fixed length control field | 00667nam a2200217 a 4500 |
| 001 - CONTROL NUMBER | |
| JCCL Control Number | 1994 |
| 003 - CONTROL NUMBER IDENTIFIER | |
| JCCL marc code | BD-JhCC |
| 005 - DATE AND TIME OF LATEST TRANSACTION | |
| control field | 20171028112805.0 |
| 008 - FIXED-LENGTH DATA ELEMENTS--GENERAL INFORMATION | |
| fixed length control field | 171028s1378 bg |||| ||a| 000 0 ben d |
| 035 ## - SYSTEM CONTROL NUMBER | |
| system control number | (BD-JhCC)1994 |
| 040 ## - CATALOGING SOURCE | |
| Original cataloging agency | BD-JhCC |
| Modifying agency | BD-JhCC |
| 041 ## - LANGUAGE CODE | |
| Language code of Book | ben |
| 082 ## - DEWEY DECIMAL CLASSIFICATION NUMBER | |
| Classification number | 491.4409 |
| Author mark and Year | FAR 1378 |
| 100 ## - MAIN ENTRY--PERSONAL NAME | |
| Personal name | ফারুকী, রশীদ আল |
| 245 ## - TITLE STATEMENT | |
| Title | শরৎ-সাহিত্য-জিজ্ঞাসা / |
| Statement of responsibility, etc | রশীদ আল ফারুকী |
| 260 ## - PUBLICATION, DISTRIBUTION, ETC. (IMPRINT) | |
| Place of publication, distribution, etc | ঢাকা : |
| Name of publisher, distributor, etc | আহমদ পাবলিশিং হাউস, |
| Date of publication, distribution, etc | 1378. |
| 300 ## - PHYSICAL DESCRIPTION | |
| Pagination | 254 p. : |
| Dimensions | 22 cm. |
| 650 ## - SUBJECT ADDED ENTRY--TOPICAL TERM | |
| Topical term or geographic name as entry element | Bengali Literature |
| 942 ## - ADDED ENTRY ELEMENTS (KOHA) | |
| Source of classification or shelving scheme | Dewey Decimal Classification |
| Koha item type | Books |
| Source of classification or shelving scheme | Damaged status | Not for loan | Home library | Current library | Shelving location | Date of accession | Cost, normal purchase price | Total Checkouts | Full call number | Barcode | Date last seen | Copy number | Koha item type |
|---|---|---|---|---|---|---|---|---|---|---|---|---|---|
| Dewey Decimal Classification | JCC Rouf Library | JCC Rouf Library | General Stacks | 10/28/2017 | 0.00 | 491.4409 FAR 1378 | 3218 | 10/28/2017 | C-1 | Books |